Quizzes
Events
Quiz Creation
Community
Videos
Private Events
Remove Ads
Sign In
Join for FREE
Feedback
Dark Mode
Quiz Categories
Sports
Geography
Music
Movies
Television
Just For Fun
Miscellaneous
History
Literature
Language
Science
Gaming
Entertainment
Religion
Holiday
For Kids
Quiz Lab
Recent
Popular Today
Quiz Kudos Today
Editor Picks
Curator Picks
Quizzes by...
Day
Popularity
Type
Ratings
Length
Year
Community
Subscriptions
Recent Discussions
Orange Saloon
Badges
Playlists
Quests
Create
Leaderboards
Showdown
Live 5
Trivia Bingo
Activity
Puzzle Library
Sporcle Events
Private Events
Virtual Trivia
Globe League
Become a Host
Pub Owners
SporcleCon
Opinionation
Our Games
Videos
Blog
Mobile Apps
Partnerships
Remove Ads and Go Orange
Feedback
Music
Pop Music
The Beatles
Song
Album
Lyrics
Bands
Singers
Artist
Clip
Rock
Rap
Classical
Billboard
Country Music
Kpop
Taylor Swift
Music
Pop Music
The Beatles
Song
Album
Lyrics
Bands
Singers
Artist
Clip
Rock
Rap
Classical
Billboard
Country Music
Kpop
Taylor Swift
Random Quiz
Search Sporcle
×
Quiz Lab
Quiz Lab
Music
Letter
Type in answers that appear in a list
Type in answers that appear in a list
Classic
Best Score? Go Orange.
Beatles Songs Containing the Letter 'C' Stats
Can you name the The Beatles songs titles containing the letter 'C'?
By
tozzy
12m
40 Questions
272 Plays
272 Plays
272 Plays
Comments
Comments
Give Quiz Kudos
Give Quiz Kudos
-
- Ratings
hide this ad
More Info
Replay
Link that replays current quiz
Next Quiz
Link to next quiz in quiz playlist
You Got
0%
They Got
Avg Score
56%
Avg Friend Score
Upgrade to see
Score Distribution
Jump to the score distribution portion of the page
Score
0/40
Timer
12:00
0
Plays Today
Album
Song Title Containing C
% Correct
Abbey Road
Come Together
83.5%
Hard Days Night
Can't Buy Me Love
81.3%
White Album
Back in the USSR
71.3%
Abbey Road
Here Comes The Sun
71.3%
Let It Be
Across The Universe
70.6%
Sgt. Pepper's Lonely Hearts Club Band
Sgt. Pepper's Lonely Hearts Club Band
70.6%
Sgt. Pepper's Lonely Hearts Club Band
Sgt. Pepper's Lonely Hearts Club Band (Reprise)
70.2%
Abbey Road
Octopus's Garden
68.8%
Let It Be
Get Back
66.2%
White Album
Rocky Raccoon
65.8%
Magical Mystery Tour
Magical Mystery Tour
65.4%
Abbey Road
Because
65.1%
Sgt. Pepper's Lonely Hearts Club Band
Lucy in the Sky with Diamonds
64.7%
Abbey Road
Carry That Weight
63.6%
Help!
Act Naturally
61.8%
White Album
Blackbird
61.8%
Rubber Soul
Drive My Car
61%
Revolver
And Your Bird Can Sing
60.7%
Rubber Soul
Michelle
60.3%
Abbey Road
She Came In Through The Bathroom Window
57.7%
Album
Song Title Containing C
% Correct
Please Please Me
Chains
56.6%
Magical Mystery Tour
Baby, You're a Rich Man
54.8%
White Album
The Continuing Story of Bungalow Bill
54.8%
Help!
Ticket to Ride
54.8%
White Album
Cry Baby Cry
54.4%
Beatles For Sale
Baby's in Black
53.7%
White Album
Dear Prudence
50.4%
A Hard Days Night
I'll Cry Instead
48.9%
Revolver
Doctor Robert
48.2%
Single
Paperback Writer
47.4%
White Album
Everybody's Got Something to Hide Except Me and My Monkey
47.1%
A Hard Days Night
You Can't Do That
47.1%
Beatles For Sale
Rock and Roll Music
45.2%
A Hard Days Night
I'll Be Back
43%
Single
We Can Work It Out
42.6%
A Hard Days Night
I'm Happy Just To Dance With You
41.9%
Help!
I've Just Seen A Face
39.3%
Beatles For Sale
Kansas City/Hey, Hey, Hey, Hey
37.5%
With The Beatles
Little Child
32.7%
Help!
You Like Me Too Much
27.2%
Quiz Playlist
Details
Report
Send in Message
Add To Playlist
More Info:
Only includes studio albums, therefore excluding Live at the BBC, the Anthology Collection and any other albums.
Classic:
Type in answers that appear in a list
Last Updated: Feb 16, 2017
Quiz Scoreboard
CHALLENGE
Sign Up to Join the Scoreboard
Show All
Scores
Hide
Comments
May contain spoilers
Recently Published
College Basketball Coaching Resumes
by pancakes188
Sports
9m
Billboard Blitz: Fleetwood Mac
by CooCooCachoo
Music
15s
Presidents Visiting Landmarks
by Hejman
History
7m
More to Explore
Quiz From the Vault
Featured Blog Post
Where Did the Easter Bunny Come From?
hide this ad
You Might Also Like...
Tags
Album Quiz
Letter Quiz
Song Quiz
The Beatles Quiz
Today's Top Quizzes in Music
Browse Music
hide this ad
Today's Top Quizzes in Letter
Browse Letter
Top Contributed Quizzes in Music
1
Taylor Swift All Songs (2024)
2
Guess the Artist- 70s Songs
3
7-to-1: Billboard Hot 100 #1 Hits of 2010s
4
Sorting Albums and Songs
5
Taylor Swift Logic Puzzle
6
KPOP LOGIC QUIZ
7
One Thing in Common: Music
8
Guess the Taylor Swift song (Mystery Song)
9
2010s Album by Cover III
10
Guess The Taylor Swift Lyrics Song #1
Explore More
Trending Topics
Marvel
Anime
Kpop
Disney
Harry Potter
Crossword
NBA
Pokémon
Country
Soccer
NFL
WWE
The Office
Puzzle
Song
hide this ad
More By:
tozzy
Quiz
Plays
Rating
Category
Featured
Created
Text Talk Abbreviations
4,606
4.36
Language
Feb 1, 2010
Worst Premiership / Division 1 teams ever.
544
3.22
Sports
Jan 4, 2010
Can you name the famous Youtubers?
498
3.67
Entertainment
Jan 3, 2010
Richest, Highest Earning Footballers 2009
410
3.50
Sports
Feb 1, 2010
Beatles Songs Containing the Letter 'C'
272
2.86
Music
Mar 22, 2010
Go to Creator's Profile
Score Distribution
Quiz Creator Spotlight
tozzy
Follow
Send a Message
Quizzes Created
-
Created Quiz Play Count
-
More By This Creator
Popular Quizzes Today
1
Find the US States - No Outlines Minefield
2
Find the Countries of Europe - No Outlines Minefield
3
The Countries of the World
4
Find the US States
5
Risky Map Clicking: Biggest States A-Z
6
US States
7
Popular People in 1961
8
Movies - When Are They Set?
More Music Quizzes
Mambo No. 5 Girls
Published
Trending Quizzes
Risky Map Clicking: Least Populous States A-Z
1-10 Letter G Words
1-10 Letter F Words
Risky Map Clicking: Next State Alphabetically
Click the Washington State Counties! (Map)
Recently Updated
Leaping Animals
pecheneg
Reality TV Shows (A-Z)
bhenderson79
Rickey Henderson's Hall of Fame Teammates
pecheneg
Champions League XIs: Arsenal
pecheneg
Quick Pick: Celebrities in WWE's Hall of Fame
aduchscher
A-Z Keypad Blitz II
pecheneg
Multiple Oscar Actors
pecheneg
Mystery Phrase Blitz: Oscar 'Best Actors'
pecheneg
F. Scott Fitzgerald Novels
LTH
Pick 3 Villains
ddd62291
Trending Topics
Anime
Marvel
Disney
Harry Potter
NBA
Crossword
Kpop
Country
Pokémon
Soccer
The Office
WWE
Puzzle
Song
NFL
Your Account Isn't Verified!
In order to create a playlist on Sporcle, you need to verify the email address you used during registration. Go to your
Sporcle Settings
to finish the process.
Report this User
Report this user for behavior that violates our
Community Guidelines
.
Details:
Send Report
Go to the Sporcle.com Mobile Site →
Comments